Missing Word: Make a Film III Quiz Stats

 Plays Quiz Updated Nov 11, 2019

Score 0/12 Timer 04:00
42 Plays Today
Film 1 Answer Film % Correct
____ at Tiffany's (1961)The Breakfast Club
98.4%
The Chronicles of Narnia: The ____, the Witch and the Wardrobe (2005)The Lion King
88.7%
Blue Is the Warmest ____ (2013)The Color Purple
87.6%
Varsity ____ (1999)The Blues Brothers
84.3%
____ Lantern (2011)The Green Mile
82.4%
Close Encounters of the ____ Kind (1977)The Third Man
80.3%
Zero ____ Thirty (2012)The Dark Crystal
75.5%
The Inn of the ____ Happiness (1958)The Sixth Sense
57.1%
Star Wars: The ____ Jedi (2017)The Last Samurai
54.3%
Oz the ____ and Powerful (2013)The Great Escape
50.4%
The Man in the ____ Mask (1998)The Iron Lady
42.1%
Thor: The ____ World (2013)The Dark Knight
34.1%

Today's Daily Dose

You're not logged in!

Compare scores with friends on all Sporcle quizzes.
OR
Log In

Sporcle TV

Today on Sporcle TV


Watch our educational content, quiz creation guides, and fun videos on Sporcle TV.

Show Comments

Extras

Top Quizzes Today


Score Distribution

Your Account Isn't Verified!

In order to create a playlist on Sporcle, you need to verify the email address you used during registration. Go to your Sporcle Settings to finish the process.

Report this User

Report this user for behavior that violates our Community Guidelines.

Details: